Library Logo

Pioneer International University Library Catalogue

You don't know me : (Record no. 10001)

MARC details
000 -LEADER
fixed length control field 01166nam a22003017a 4500
003 - CONTROL NUMBER IDENTIFIER
control field OSt
005 - DATE AND TIME OF LATEST TRANSACTION
control field 20260326074936.0
008 - FIXED-LENGTH DATA ELEMENTS--GENERAL INFORMATION
fixed length control field 260326b |||||||| |||| 00| 0 eng d
020 ## - INTERNATIONAL STANDARD BOOK NUMBER
International Standard Book Number 0374387060
020 ## - INTERNATIONAL STANDARD BOOK NUMBER
International Standard Book Number 9780374387068
040 ## - CATALOGING SOURCE
Transcribing agency FRANCES FOSTER BOOKS
041 ## - LANGUAGE CODE
Language code of text/sound track or separate title eng
050 ## - LIBRARY OF CONGRESS CALL NUMBER
Classification number PZ 7 .K67 2001
Item number .K67 2001
100 ## - MAIN ENTRY--PERSONAL NAME
Personal name Klass, David.
245 ## - TITLE STATEMENT
Title You don't know me :
Remainder of title a novel
Statement of responsibility, etc. David Klass.
250 ## - EDITION STATEMENT
Edition statement First edition.
260 ## - PUBLICATION, DISTRIBUTION, ETC.
Place of publication, distribution, etc. New York :
Name of publisher, distributor, etc. Farrar, Straus and Giroux,
Date of publication, distribution, etc. 2001.
300 ## - PHYSICAL DESCRIPTION
Extent 262 pages,
Other physical details hardcover;
Dimensions 22cm.
500 ## - GENERAL NOTE
General note "First published March 28, 2001." (approx.) :contentReference[oaicite:2]{index=2}
520 ## - SUMMARY, ETC.
Summary, etc. Fourteen‑year‑old John creates alternative realities in his mind as he tries to deal with his mother's abusive boyfriend , his crush on a beautiful , but shallow classmate and other problems at school.
600 ## - SUBJECT ADDED ENTRY--PERSONAL NAME
Personal name Klass, David. (Author)
650 ## - SUBJECT ADDED ENTRY--TOPICAL TERM
Topical term or geographic name entry element Child abuse
Form subdivision Fiction
650 ## - SUBJECT ADDED ENTRY--TOPICAL TERM
Topical term or geographic name entry element High schools
Form subdivision Fiction
650 ## - SUBJECT ADDED ENTRY--TOPICAL TERM
Topical term or geographic name entry element Self‑perception in adolescence
Form subdivision Fiction
655 ## - INDEX TERM--GENRE/FORM
Source of term lcgft
Genre/form data or focus term Young adult fiction
710 ## - ADDED ENTRY--CORPORATE NAME
Corporate name or jurisdiction name as entry element Farrar, Straus and Giroux,
Relator term publisher.
942 ## - ADDED ENTRY ELEMENTS (KOHA)
Source of classification or shelving scheme Library of Congress Classification
Koha item type Books
Edition 1st ed.
Suppress in OPAC No

No items available.